Jeux TV A-Z par image - Statistiques

Statistiques générales
  • Ce quiz a été pris 523 fois
  • Le résultat moyen est 15 sur 26
Statistiques - réponses
Par images Hint Réponse % Correct
F Fort Boyard
98%
K Koh-Lanta
97%
B Burger Quiz
88%
Q Qui veut gagner des millions ?
88%
I Intervilles
86%
P Pékin Express
86%
N N'oubliez pas les paroles !
85%
S Slam
85%
R La Roue de la fortune
84%
V Vendredi tout est permis
83%
M Money Drop
81%
J Le Juste Prix
80%
Z Les Z'amours
80%
D Des chiffres et des lettres
79%
A À prendre ou à laisser
63%
T Tout le monde veut prendre sa place
63%
U Une famille en or
55%
H Harry
28%
G Guess My Age : Saurez-vous deviner mon âge ?
16%
C Crésus
15%
O L'Or à l'appel
6%
E En toutes lettres
4%
W Wish List : La Liste de vos envies
4%
Y Y'a pas d'erreur ?
3%
L Lingo
1%
X X-Fire
1%
Aucun quiz correspondant
Distribution des résultats
% des personnes avec chaque résultat
Percentile par nombre de réponses
Votre historique - résultats
Vous n’avez pas pris ce quiz